Acerca del papel del psicólogo en la escuela (Record no. 61819)
[ view plain ]
| 000 -CABECERA | |
|---|---|
| campo de control de longitud fija | 00466nam a2200181 a 4500 |
| 005 - FECHA Y HORA DE LA ÚLTIMA TRANSACCIÓN | |
| campo de control | 20210219152830.0 |
| 008 - ELEMENTOS DE LONGITUD FIJA--INFORMACIÓN GENERAL | |
| campo de control de longitud fija | 991125n 000 0 spa u |
| 035 ## - NÚMERO DE CONTROL DEL SISTEMA | |
| Número de control de sistema | UPN01000062696 |
| 222 ## - TÍTULO CLAVE | |
| Título clave | EDUCACION ESPECIAL. SUPLEMENTO |
| 245 ## - MENCIÓN DE TÍTULO | |
| Título | Acerca del papel del psicólogo en la escuela |
| 300 ## - DESCRIPCIÓN FÍSICA | |
| Extensión | 3-4 |
| 362 0# - FECHAS DE PUBLICACIÓN Y/O DESIGNACIÓN SECUENCIAL | |
| Fecha de publicación y/o designación secuencial | 1981 Vol. 1, no. 5, ene. |
| 653 0# - TERMINO DE INDIZACION - NO CONTROLADO | |
| Término no controlado | ESCUELA |
| 653 0# - TERMINO DE INDIZACION - NO CONTROLADO | |
| Término no controlado | MAESTROS |
| 653 0# - TERMINO DE INDIZACION - NO CONTROLADO | |
| Término no controlado | PSICOLOGOS |
| 904 ## - ELEMENTOS DE DATOS D LOCAL, LDD (RLIN) | |
| a | AC |
| b | 000507 |
| 905 ## - TIPO DE MATERIAL | |
| Tipo de material | Articulo |
No items available.
